[Event "ROM-ch U08"]
[Site "Calimanesti"]
[Date "2014.04.12"]
[Round "8"]
[White "Ulian, Andrei Octavian"]
[Black "Sarghi, Sergiu Mihai"]
[Result "0-1"]
[WhiteElo "1178"]
[BlackElo "1015"]
[PlyCount "134"]
[EventDate "2014.04.06"]
[EventType "swiss"]
[EventRounds "9"]
[EventCountry "ROU"]
[SourceTitle "CBM 160 Extra"]
[Source "ChessBase"]
[SourceDate "2014.07.01"]
[SourceVersion "1"]
[SourceVersionDate "2014.07.01"]
[SourceQuality "1"]

1. e4 e5 2. Nf3 Nc6 3. Bc4 Nf6 4. Nc3 Bc5 5. 0-0 0-0 6. d3 d6 7. Bg5 Bg4 8. Nd5 h6 9. Nxf6+ gxf6 10. Bxh6 Re8 11. h3 Bd7 12. Nh2 Qc8 13. Qh5 Rf8 14. Bxf8 Qxf8 15. Ng4 Bxg4 16. Qxg4+ Qg7 17. Qxg7+ Kxg7 18. Rfe1 Nd4 19. Rac1 b5 20. Bd5 c6 21. Bb3 a5 22. c3 Nxb3 23. axb3 b4 24. c4 Bd4 25. Rc2 a4 26. bxa4 Rxa4 27. b3 Ra8 28. Kh2 Ra3 29. Rb1 Kg6 30. Kg3 Kh5 31. f4 exf4+ 32. Kxf4 Kg6 33. g4 Be5+ 34. Kf3 Kg5 35. Kg2 Kf4 36. Kf2 Bd4+ 37. Kg2 Ke3 38. Rcc1 Kxd3 39. Rf1 Kxe4 40. g5 fxg5 41. Rxf7 Kd3 42. Rd7 Bc5 43. Rg7 Kc2 44. Rf1 Kxb3 45. Rxg5 Kxc4 46. h4 b3 47. h5 b2 48. Rb1 Kc3 49. h6 Kc2 50. Rxb2+ Kxb2 51. h7 Bd4 52. Rg4 c5 53. Rxd4 Ra8 54. Rxd6 Rh8 55. Rd7 c4 56. Rd4 c3 57. Rc4 Rxh7 58. Kf2 Rh2+ 59. Ke3 c2 60. Rb4+ Kc3 61. Ra4 c1Q+ 62. Ke4 Rh4+ 63. Kd5 Rxa4 64. Kd6 Ra5 65. Ke6 Qh6+ 66. Kd7 Ra7+ 67. Kc8 Qh8# 0-1

[Event "ROM-ch U08"]
[Site "Calimanesti"]
[Date "2014.04.07"]
[Round "2"]
[White "Sarghi, Sergiu Mihai"]
[Black "Musat, Tudor Mihai"]
[Result "1-0"]
[WhiteElo "1015"]
[BlackElo "1001"]
[PlyCount "69"]
[EventDate "2014.04.06"]
[EventType "swiss"]
[EventRounds "9"]
[EventCountry "ROU"]
[SourceTitle "CBM 160 Extra"]
[Source "ChessBase"]
[SourceDate "2014.07.01"]
[SourceVersion "1"]
[SourceVersionDate "2014.07.01"]
[SourceQuality "1"]

1. e4 c5 2. c3 Nf6 3. e5 Nd5 4. c4 Nb4 5. Nf3 e6 6. a3 N4c6 7. Nc3 Nd4 8. d3 Nxf3+ 9. Qxf3 b6 10. Qxa8 Nc6 11. Be2 Be7 12. Bf3 Qc7 13. Bxc6 dxc6 14. Bf4 0-0 15. Nb5 cxb5 16. Qf3 bxc4 17. dxc4 Rd8 18. 0-0 Ba6 19. Rfe1 Bxc4 20. Qg3 Rd3 21. Re3 Rxe3 22. Bxe3 Qd7 23. Bh6 g6 24. Rc1 a6 25. h3 b5 26. a4 Ba2 27. a5 c4 28. Ra1 Bb3 29. Ra3 Bxa3 30. bxa3 Qd1+ 31. Kh2 Qd4 32. f3 c3 33. Qg5 f5 34. Qf6 Qd7 35. Qf8# 1-0